| 000 | 00340nam a2200145Ia 4500 | ||
|---|---|---|---|
| 008 | 230917s9999||||xx |||||||||||||| ||und|| | ||
| 040 |
_e78566 _aMAIN |
||
| 041 | _aEnglish | ||
| 082 | _a340.1 N195C | ||
| 100 | _aNathan, N M L | ||
| 245 | 4 | _aThe concept of justice | |
| 260 |
_aLondon _bMacmillan _c1971 |
||
| 300 | _a79 p. | ||
| 942 | _cBK | ||
| 999 |
_c194112 _d194112 |
||